Statistiche per Capoluoghi di Provincia d'Italia in ordine alfabetico

Clicka qui per fare il quiz!

Statistiche generali

  • Questo quiz è stato fatto 85 volte
  • Il punteggio medio è 70 su 109

Statistiche sulle risposte

RegioneCapoluogo di Provincia% Corretto
Valle d'AostaAosta
100%
SiciliaAgrigento
98%
MarcheAncona
98%
PiemonteAsti
96%
PiemonteAlessandria
92%
ToscanaArezzo
92%
PugliaBari
92%
PugliaAndria
90%
CampaniaAvellino
90%
LombardiaBergamo
90%
Emilia-RomagnaBologna
90%
Trentino-Alto AdigeBolzano
90%
PugliaBarletta
88%
VenetoBelluno
88%
LombardiaBrescia
88%
MarcheAscoli Piceno
83%
PiemonteBiella
83%
SiciliaCaltanissetta
83%
CampaniaBenevento
81%
SardegnaCagliari
81%
MoliseCampobasso
81%
PugliaBrindisi
79%
CampaniaCaserta
77%
CalabriaCatanzaro
77%
CalabriaCosenza
77%
LiguriaGenova
77%
SiciliaCatania
75%
AbruzzoChieti
75%
LombardiaComo
75%
LombardiaCremona
75%
CalabriaCrotone
75%
ToscanaFirenze
75%
LiguriaImperia
75%
LiguriaLa Spezia
75%
Friuli-Venezia GiuliaGorizia
73%
MoliseIsernia
73%
LazioLatina
73%
ToscanaLivorno
73%
PiemonteCuneo
71%
SiciliaEnna
71%
LazioFrosinone
71%
PugliaLecce
71%
LombardiaLecco
71%
Emilia-RomagnaFerrara
69%
Emilia-RomagnaForlì
69%
ToscanaGrosseto
69%
LombardiaLodi
67%
ToscanaLucca
67%
LombardiaMantova
67%
BasilicataMatera
67%
SiciliaMessina
67%
MarcheFermo
65%
PugliaFoggia
65%
AbruzzoL'Aquila
65%
MarcheMacerata
65%
LombardiaMilano
65%
Emilia-RomagnaModena
65%
SiciliaPalermo
65%
Emilia-RomagnaParma
65%
CampaniaNapoli
63%
Friuli-Venezia GiuliaPordenone
63%
BasilicataPotenza
63%
PiemonteNovara
60%
SardegnaNuoro
60%
LombardiaPavia
60%
UmbriaPerugia
60%
ToscanaPisa
60%
LombardiaMonza
58%
VenetoPadova
58%
MarchePesaro
58%
AbruzzoPescara
58%
Emilia-RomagnaPiacenza
58%
ToscanaPistoia
58%
ToscanaMassa
56%
ToscanaPrato
56%
SiciliaRagusa
54%
CalabriaReggio Calabria
54%
SardegnaOristano
52%
Emilia-RomagnaRavenna
52%
Emilia-RomagnaReggio Emilia
52%
SardegnaCarbonia
48%
LazioRieti
48%
Emilia-RomagnaRimini
48%
Trentino-Alto AdigeTrento
48%
LazioRoma
46%
LiguriaSavona
46%
VenetoRovigo
44%
VenetoVenezia
44%
CampaniaSalerno
42%
SardegnaSassari
42%
SiciliaSiracusa
42%
LombardiaSondrio
42%
PugliaTaranto
42%
PiemonteTorino
42%
Friuli-Venezia GiuliaUdine
42%
CalabriaVibo Valentia
42%
UmbriaTerni
40%
Friuli-Venezia GiuliaTrieste
40%
LombardiaVarese
40%
ToscanaSiena
38%
AbruzzoTeramo
38%
VenetoTreviso
38%
PiemonteVercelli
38%
VenetoVerona
38%
LazioViterbo
38%
SiciliaTrapani
35%
VenetoVicenza
35%
PugliaTrani
31%
PiemonteVerbania
31%

Distribuzione punteggi

Percentile per numero di risposta

Percentuale di utenti per punteggio

I tuoi punteggi nel tempo

Non hai fatto questo quiz